FIRE FINGER EXCERCISE (Record no. 366164)

MARC details
000 -LEADER
fixed length control field 00361nam a2200145Ia 4500
008 - FIXED-LENGTH DATA ELEMENTS--GENERAL INFORMATION
fixed length control field 100122s9999 xx 000 0 und d
082 ## - DEWEY DECIMAL CLASSIFICATION NUMBER
Item number 20008
Classification number 822
100 ## - MAIN ENTRY--PERSONAL NAME
Personal name SHAFFER PETER
245 ## - TITLE STATEMENT
Title FIRE FINGER EXCERCISE
260 ## - PUBLICATION, DISTRIBUTION, ETC. (IMPRINT)
Name of publisher, distributor, etc SAMUEL FRENCH LTD
Date of publication, distribution, etc 1966
300 ## - PHYSICAL DESCRIPTION
Extent 78
630 ## - SUBJECT ADDED ENTRY--UNIFORM TITLE
Uniform title FIRE FINGER EXCERCISE
730 ## - ADDED ENTRY--UNIFORM TITLE
Uniform title FIRE FINGER EXCERCISE
942 ## - ADDED ENTRY ELEMENTS (KOHA)
Koha item type Book
Holdings
Withdrawn status Lost status Damaged status Not for loan Home library Current library Date acquired Cost, normal purchase price Total Checkouts Full call number Barcode Date last seen Cost, replacement price Price effective from Koha item type Public note
        S.V. Pathak Library, Vile Parle S.V. Pathak Library, Vile Parle 03/07/1974 6.00   20008 SVPPARLE-20008 01/25/2010 6.00 01/25/2010 Book ", , General, NA"